Normal view
MARC view
- Schervish, Mark J.
Entry Personal Name
001 - CONTROL NUMBER
- control field: 8621
003 - CONTROL NUMBER IDENTIFIER
- control field: NUST
005 - DATE AND TIME OF LATEST TRANSACTION
- control field: 20180118114405.0
008 - FIXED-LENGTH DATA ELEMENTS
- fixed length control field: 180118|| aca||aabn | a|a d
040 ## - CATALOGING SOURCE
- Original cataloging agency: NUST
- Transcribing agency: NUST
100 ## - HEADING--PERSONAL NAME
- Personal name: Schervish, Mark J.
670 ## - SOURCE DATA FOUND
- Source citation: Work cat.: (NUST)30288: DeGroot, Morris H. 8620, Probability and statistics /, 2011.
